Départements d'Auvergne-Rhône-Alpes - Mort subite - Statistiques

Statistiques générales
  • Ce quiz a été pris 341 fois
  • Le résultat moyen est 8 sur 12
Answers on the Grid
Answers color-coded by a green-red scale on the quiz's grid according to % correct below.
Hautes-Alpes
Maurienne
Vaucluse
Saône-et-Loire
Creuse
Corrèze
Cher
Bourbonnais
Haut-Cantal
Auvergne
Nièvre
Lozère
Ardèche
Drôme
Loire
Rhône
Haute-Loire
Cantal
Isère
Puy-de-Dôme
Allier
Ain
Haute-Savoie
Savoie
 
Statistiques - réponses
Réponse % Correct
Ain
75%
Rhône
72%
Savoie
72%
Isère
71%
Drôme
68%
Puy-de-Dôme
68%
Haute-Savoie
67%
Loire
65%
Ardèche
64%
Allier
62%
Cantal
61%
Haute-Loire
61%
Aucun quiz correspondant
Distribution des résultats
% des personnes avec chaque résultat
Percentile par nombre de réponses
Votre historique - résultats
Vous n’avez pas pris ce quiz